000 00434cam a22001217a 4500
008 180718b2007 xxu||||| |||| 00| 0 eng d
082 _aT39 N2408
245 _aNews clippings on Jawaharlal Nehru National Urban Renewal Mission, March 2006- January 2007
_cby National Institute of Urban Affairs
260 _aNew Delhi
_bThe Author
_c2007
300 _av.p.
650 _aUrban Development
700 _aNational Institute of Urban Affairs
999 _c406573
_d406573